الطبقات الكبرى / (Record no. 66515)
[ view plain ]
| 000 -الفاتح | |
|---|---|
| حقل البيانات ثابتة الطول | 00988nam a2200253Ia 4500 |
| 005 - وقت وتاريخ اخر تعامل مع التسجيلة | |
| رقم الضبط | 20240530110923.0 |
| 008 - عناصر البيانات ثابتة الطول - معلومات عامة | |
| حقل البيانات ثابتة الطول | 140319s9999 xx 000 0 ara d |
| 040 ## - مصدر الفهرسة | |
| وكالة الفهرسة الأصلية | GCL / |
| وكالة النسخ | GCL |
| 082 04 - رقم تصنيف ديوى العشرى | |
| رقم المادة | 922.1 |
| -- | م/س ص |
| 100 1# - المدخل الرئيسى - إسم شخصى | |
| الإسم الشخصى | ابن سعد : ابو عبدالله محمد بن سعد بن منيع البصرى |
| 245 10 - بيان العنوان | |
| العنوان | الطبقات الكبرى / |
| بيان المسئوليه,etc | ابن سعد : ابو عبدالله محمد بن سعد بن منيع البصرى |
| 260 ## - PUBLICATION, DISTRIBUTION, ETC. (IMPRINT) | |
| تاريخ النشر أو التوزيع | 1991 |
| 300 ## - الوصف المادى | |
| التعداد | 9 جزء ؛ |
| أبعاد الوعاء | 24 سم |
| 650 04 - المدخل الاضافى بالموضوع-مصطلح موضوعى | |
| مصطلح موضوعي | التاريخ الاسلامى |
| 650 04 - المدخل الاضافى بالموضوع-مصطلح موضوعى | |
| مصطلح موضوعي | التراجم |
| 650 04 - المدخل الاضافى بالموضوع-مصطلح موضوعى | |
| مصطلح موضوعي | العلماء المسلمون |
| 650 04 - المدخل الاضافى بالموضوع-مصطلح موضوعى | |
| مصطلح موضوعي | التاريخ الاسلامى - تراجم |
| 700 0# - المدخل الاضافى - اسم شخصى | |
| الإسم الشخصى | احمد شمس الدين |
| الدور | معد |
| 700 0# - المدخل الاضافى - اسم شخصى | |
| الإسم الشخصى | محمد عبدالقادر عطا |
| الدور | محقق |
| 700 0# - المدخل الاضافى - اسم شخصى | |
| الإسم الشخصى | ابراهيم شمس الدين |
| الدور | معد |
| 700 0# - المدخل الاضافى - اسم شخصى | |
| الإسم الشخصى | يحيى مقلد |
| الدور | معد |
| 942 ## - عناصر المدخل الإضافي( كوها) | |
| مصدر التصنيف او مخطط الترفيف | Dewey Decimal Classification |
| Koha [default] item type | كتاب |
| 260 ## - PUBLICATION, DISTRIBUTION, ETC. (IMPRINT) | |
| -- | بيروت : |
| -- | دار الكتب العلمية ، |
| حالة التراجع | حالة الفقد | مصدر التصنيف او خطة الترفيف | حالة تلف | ليس للاعارة | المكان المؤقت | الموقع الحالى | تاريخ الاكتساب | اجمالي اﻻعارات | رقم الطلب | الباركود | تاريخ اخر مشاهدة | تاريخ تفعيل السعر | نوع وعاء كوها |
|---|---|---|---|---|---|---|---|---|---|---|---|---|---|
| ddc | مكتبة القاهرة الكبرى | مكتبة القاهرة الكبرى | 06/12/2022 | 922.1 م/س ص | 168074 | 06/12/2022 | 06/12/2022 | كتاب | |||||
| ddc | مكتبة القاهرة الكبرى | مكتبة القاهرة الكبرى | 06/12/2022 | 922.1 م/س ص | 168075 | 06/12/2022 | 06/12/2022 | كتاب | |||||
| ddc | مكتبة القاهرة الكبرى | مكتبة القاهرة الكبرى | 06/12/2022 | 922.1 م/س ص | 168076 | 06/12/2022 | 06/12/2022 | كتاب | |||||
| ddc | مكتبة القاهرة الكبرى | مكتبة القاهرة الكبرى | 06/12/2022 | 922.1 م/س ص | 168077 | 06/12/2022 | 06/12/2022 | كتاب | |||||
| ddc | مكتبة القاهرة الكبرى | مكتبة القاهرة الكبرى | 06/12/2022 | 922.1 م/س ص | 168078 | 06/12/2022 | 06/12/2022 | كتاب | |||||
| ddc | مكتبة القاهرة الكبرى | مكتبة القاهرة الكبرى | 06/12/2022 | 922.1 م/س ص | 168079 | 06/12/2022 | 06/12/2022 | كتاب | |||||
| ddc | مكتبة القاهرة الكبرى | مكتبة القاهرة الكبرى | 06/12/2022 | 922.1 م/س ص | 168080 | 06/12/2022 | 06/12/2022 | كتاب | |||||
| ddc | مكتبة القاهرة الكبرى | مكتبة القاهرة الكبرى | 06/12/2022 | 922.1 م/س ص | 168081 | 06/12/2022 | 06/12/2022 | كتاب | |||||
| ddc | مكتبة القاهرة الكبرى | مكتبة القاهرة الكبرى | 06/12/2022 | 922.1 م/س ص | 168082 | 06/12/2022 | 06/12/2022 | كتاب |

